000 00632nam a2200181Ia 4500
008 090124s9999 xx 000 0 und d
082 _b27291
_a3594
100 _aखाडिलकर नीलकंठ.
245 _a शुरा मी वंदिले (अग्रलेख)
250 _a1
260 _c1994
300 _a216
600 _aखाडिलकर नीलकंठ.
630 _a शुरा मी वंदिले (अग्रलेख)
700 _aखाडिलकर नीलकंठ.
730 _a शुरा मी वंदिले (अग्रलेख)
942 _cBOOK
999 _c140757
_d140757